00346nam a2200133Ia 4500008004100000020001800041041000800059082001700067100001800084245002400102250000600126260006500132300001500197210716s2015 xx 000 0 und d a9789352131297 aeng a005.304 SUSJ aSussna, Jeff. aDesigning delivery. a1 aNew DelhibShroff Publishers and Distributors Pvt Ltdc2015 axxi,203,21